Т. 2 : Элементы систем автоматического регулирования. Ч. 2 : Корректирующие элементы и элементы вычислительных машин; Основы автоматического регулирования

書誌詳細
Parent link:Основы автоматического регулирования/ Под ред. В. В. Солодовникова. Т. 2 : Элементы систем автоматического регулирования. Ч. 2 : Корректирующие элементы и элементы вычислительных машин.— , 1959-
その他の著者: Алекперов В. П., Атовмян И. О., Зуев В. И., Кавун Е. С., Коган Б. Я.
要約:Авт. указ. на обороте тит. л.
言語:ロシア語
出版事項: 1959
主題:
フォーマット: 図書
KOHA link:https://koha.lib.tpu.ru/cgi-bin/koha/opac-detail.pl?biblionumber=47998

MARC

LEADER 00000nam2a2200000 4500
001 47998
005 20231031030938.0
035 |a (RuTPU)RU\TPU\book\50189 
035 |a RU\TPU\book\50188 
090 |a 47998 
100 |a 20030228d1959 k y0rusy50 ca 
101 0 |a rus 
102 |a RU 
105 |a a z 001zy 
200 0 |a Т. 2 : Элементы систем автоматического регулирования. Ч. 2 : Корректирующие элементы и элементы вычислительных машин  |f В. П. Алекперов, И. О. Атовмян, В. И. Зуев и др. 
210 |d 1959 
215 |a 454 с.  |c ил. 
300 |a Авт. указ. на обороте тит. л. 
320 |a Библиогр.: с. 432-451. 
320 |a Предм. указ.: с. 452-454. 
461 1 |0 (RuTPU)RU\TPU\book\50187  |t Основы автоматического регулирования  |f Под ред. В. В. Солодовникова  |v Т. 2 : Элементы систем автоматического регулирования. Ч. 2 : Корректирующие элементы и элементы вычислительных машин  |d 1959- 
610 1 |a автоматика 
610 1 |a автоматическое регулирование 
610 1 |a корректирующие элементы 
610 1 |a вычислительные машины 
610 1 |a узлы 
675 |a 621.01  |v 3 
701 1 |a Алекперов  |b В. П. 
701 1 |a Атовмян  |b И. О. 
701 1 |a Зуев  |b В. И. 
701 1 |a Кавун  |b Е. С. 
701 1 |a Коган  |b Б. Я. 
801 1 |a RU  |b 63413507  |c 20030228  |g PSBO 
801 2 |a RU  |b 63413507  |c 20230130  |g PSBO 
942 |c BK